000
00193 a2200097 4500
020
_a
9780439800129
041
_a
eng
100
_a
Scholastic
245
_a
The Pigeon Finds a Hot dog!
942
_c
BK
999
_c
9805
_d
9805